Normal view
MARC view
- Omera Ahmed
Entry Personal Name
001 - CONTROL NUMBER
- control field: 66418
003 - CONTROL NUMBER IDENTIFIER
- control field: NUST
005 - DATE AND TIME OF LATEST TRANSACTION
- control field: 20210628203604.0
008 - FIXED-LENGTH DATA ELEMENTS
- fixed length control field: 210628|| aca||aabn | a|a d
040 ## - CATALOGING SOURCE
- Original cataloging agency: NUST
- Transcribing agency: NUST
100 ## - HEADING--PERSONAL NAME
- Personal name: Omera Ahmed
670 ## - SOURCE DATA FOUND
- Source citation: Work cat.: (NUST): Omera Ahmed, Sehar aik istiarah hay, 2002
